000 00739nam a22002537a 4500
003 OSt
005 20140507085356.0
008 140507b xxu||||| |||| 00| 0 eng d
020 _a9780385523899
050 _aHF 5415.12615
_b.L56 2010
100 _aLindstrom, Martin.
245 _aBuyology :
_btruth and lies about why we buy /
_cMartin Lindstrom.
250 _a1st ed.
260 _aNew York :
_bBroadway Books,
_cc2010.
300 _axi, 254 p. :
_c20 cm.
521 _aBSBA
650 _aNeuromarketing.
650 _aConsumer behavior.
650 _aConsumers
_xPsychology.
650 _aShopping
_xPsychological aspects.
650 _aMarketing
_xPsychological aspects.
942 _2lcc
_cBK
999 _c115821
_d115821